000 00589nam a2200181Ia 4500
008 100917s9999 xx 000 0 und d
082 _b48569
100 _aगाडगीळ द. धों.
245 _aपंचरात्र (आ. 4 थी.)
260 _bवोरा ऍण्ड कंपनी पब्लिशर्स
_c1981
300 _a22
365 _b2
520 _aबालविभाग
630 _aपंचरात्र (आ. 4 थी.)
650 _aबालविभाग
730 _aपंचरात्र (आ. 4 थी.)
942 _cBOOK
999 _c653963
_d653960